| 000 | 00689nam a2200253Ia 4500 | ||
|---|---|---|---|
| 003 | OSt | ||
| 005 | 20220918164021.0 | ||
| 006 | a|||||r|||| 00| 0 | ||
| 007 | ta | ||
| 008 | 220917b |||||||| |||| 00| 0 eng d | ||
| 020 | _a0413388905 | ||
| 024 | _a37,469 | ||
| 037 | _cTextual | ||
| 040 |
_aARTS _cARTS _beng |
||
| 041 |
_2eng _aeng |
||
| 082 | _aO113, 2M98,12, 111K5 | ||
| 100 |
_aBrecht Bertolt _912169 |
||
| 245 | 0 | _aMessingkant dialogues tr by John Willett | |
| 260 |
_aLondon _bMethuen UK _c1977 |
||
| 300 |
_a112p. _ccm. |
||
| 650 | _aENGLISH LITERATURE | ||
| 942 |
_hO113, 2M98,12, 111K5 _cTEXL _2CC |
||
| 999 |
_c122658 _d122658 |
||